Effect of organic manure and seedling age on growth and yield of chinese cabbage (Brassica campestris var. pekinensis) / (Record no. 8958)

MARC details
000 -LEADER
fixed length control field 01187nam a22002777a 4500
001 - CONTROL NUMBER
control field BD-DhSAU 8958
003 - CONTROL NUMBER IDENTIFIER
control field BD-DhSAU
005 - DATE AND TIME OF LATEST TRANSACTION
control field 20181223151952.0
008 - FIXED-LENGTH DATA ELEMENTS--GENERAL INFORMATION
fixed length control field 150613b2007 bg a|||| m||| 00| 0 eng d
040 ## - CATALOGING SOURCE
Original cataloging agency BD-DhSAU
082 ## - DEWEY DECIMAL CLASSIFICATION NUMBER
Edition number 22
Classification number 635
Item number N141
100 ## - MAIN ENTRY--PERSONAL NAME
Personal name Naher, Nazmoon
Relator term Registration # 27480/00675
245 ## - TITLE STATEMENT
Title Effect of organic manure and seedling age on growth and yield of chinese cabbage (Brassica campestris var. pekinensis) /
Remainder of title MS thesis
Statement of responsibility, etc. Nazmoon Naher
260 ## - PUBLICATION, DISTRIBUTION, ETC. (IMPRINT)
Place of publication, distribution, etc. Sher-e-Bangla Agricultural University :
Name of publisher, distributor, etc. Department of Horticulture & Postharvest Technology,
Date of publication, distribution, etc. 2007.
300 ## - PHYSICAL DESCRIPTION
Extent vii, 72 p. :
Other physical details ill. ;
Dimensions 30 cm.
500 ## - GENERAL NOTE
General note MS thesis of Department of Horticulture, Faculty of Agriculture, Sher-e-Bangla Agricultural University, Dhaka, Bangladesh
504 ## - BIBLIOGRAPHY, ETC. NOTE
Bibliography, etc Includes bibliographical reference.
590 ## - Name of Cataloguer
Name of Cataloger Jerin
650 ## - SUBJECT ADDED ENTRY--TOPICAL TERM
Topical term or geographic name as entry element Horticulture & Postharvest Technology
650 ## - SUBJECT ADDED ENTRY--TOPICAL TERM
Topical term or geographic name as entry element organic manure
650 ## - SUBJECT ADDED ENTRY--TOPICAL TERM
Topical term or geographic name as entry element chinese cabbage
700 ## - ADDED ENTRY--PERSONAL NAME
Personal name Akand, Md. Hasanuzzaman
Relator term Superviser
700 ## - ADDED ENTRY--PERSONAL NAME
Personal name Mahtabuddin, A. K. M.
Relator term Co-superviser
856 ## - ELECTRONIC LOCATION AND ACCESS
Uniform Resource Identifier <a href=" http://archive.saulibrary.edu.bd:8080/xmlui/handle/123456789/1137 "> http://archive.saulibrary.edu.bd:8080/xmlui/handle/123456789/1137 </a>
942 ## - ADDED ENTRY ELEMENTS (KOHA)
Source of classification or shelving scheme Dewey Decimal Classification
Koha item type MS Level Thesis
Holdings
Withdrawn status Lost status Source of classification or shelving scheme Damaged status Not for loan Collection code Home library Branch Name Shelving location Date acquired Total Checkouts Full call number Barcode Date last seen Price effective from Koha item type
    Dewey Decimal Classification   Not For Loan Reference SAU Library SAU Library Reference 30/10/2013   635 N141 36975 18/06/2015 18/06/2015 MS Level Thesis